[Event "International Tournament "]
[Site "Paracin, Hotel "]
[Date "2017.07.10"]
[Round "4.28"]
[White "Pantelic, Sasa"]
[Black "Jovanovic, Bojan P"]
[Result "1-0"]
[WhiteElo "2358"]
[BlackElo "2233"]
[PlyCount "83"]
[EventDate "2017.07.07"]

1. Nf3 d5 2. d4 e6 3. c4 f5 4. g3 Nf6 5. Bg2 Bd6 6. O-O O-O 7. Bf4 b6 8. cxd5
exd5 9. Nc3 c6 10. Ne5 Bb7 11. Qb3 Kh8 12. Nd3 Ne4 13. Rad1 Qf6 14. Bxd6 Nxd6
15. Ne5 f4 16. Qc2 Nf7 17. gxf4 Qxf4 18. e3 Qh4 19. f4 Nh6 20. e4 Ng4 21. Nxg4
Qxg4 22. Rd3 Rxf4 23. Rxf4 Qxf4 24. Rf3 Qd6 25. e5 Qe7 26. Nxd5 cxd5 27. Qc7
Nc6 28. Rf7 Qxc7 29. Rxc7 Nd8 30. e6 Nxe6 31. Rxb7 Nf4 32. Rd7 h6 33. Bxd5 Nxd5
34. Rxd5 Rc8 35. Rd7 a5 36. Rb7 Rc1+ 37. Kf2 Rc2+ 38. Ke3 Rxb2 39. d5 Kg8 40.
d6 Kf8 41. Rb8+ Kf7 42. d7 1-0

[Event "International Tournament "]
[Site "Paracin, Hotel "]
[Date "2017.07.10"]
[Round "4.29"]
[White "Dimic, Pavle"]
[Black "Lazic, Ljubisa"]
[Result "1/2-1/2"]
[WhiteElo "2351"]
[BlackElo "2217"]
[PlyCount "53"]
[EventDate "2017.07.07"]

1. Nf3 d5 2. d4 Nf6 3. c4 c6 4. e3 Bf5 5. Nc3 e6 6. Nh4 Bg6 7. Be2 Nbd7 8. O-O
Bd6 9. g3 a6 10. Nxg6 hxg6 11. b3 Qe7 12. Qc2 O-O 13. Bf3 Ba3 14. Bd2 Bb4 15.
Rfe1 Rac8 16. Bg2 Rfe8 17. f4 Qd6 18. c5 Qb8 19. Nb1 Bxd2 20. Nxd2 a5 21. a3 b6
22. b4 Qb7 23. Reb1 axb4 24. axb4 Ra8 25. Rxa8 Rxa8 26. Nb3 bxc5 27. Nxc5
1/2-1/2

[Event "International Tournament "]
[Site "Paracin, Hotel "]
[Date "2017.07.10"]
[Round "4.30"]
[White "Kisic, Bozidar"]
[Black "Chekletsov, Ilya"]
[Result "0-1"]
[WhiteElo "2224"]
[BlackElo "2350"]
[PlyCount "106"]
[EventDate "2017.07.07"]

1. d4 e6 2. Nf3 Nf6 3. Bf4 c5 4. e3 cxd4 5. exd4 d6 6. c3 Be7 7. a4 O-O 8. Nbd2
b6 9. Bd3 Ba6 10. Bxa6 Nxa6 11. Qe2 Nc7 12. h3 a6 13. O-O b5 14. axb5 axb5 15.
Bg5 Nfd5 16. Rxa8 Qxa8 17. Bxe7 Nxe7 18. Qe4 h6 19. Qf4 Rd8 20. Qe4 Ned5 21.
Qc2 Nb6 22. Qb3 Qa6 23. Ne1 Nc4 24. Qc2 Nd5 25. Nd3 Rc8 26. Nb1 b4 27. Rc1 Ncb6
28. Qd1 bxc3 29. Nxc3 Rc4 30. Nxd5 Nxd5 31. Rxc4 Qxc4 32. Nc1 Nf4 33. Kh2 Qd5
34. f3 e5 35. b4 Ne6 36. Ne2 Kf8 37. Qd3 exd4 38. f4 f5 39. b5 Ke7 40. b6 Kd8
41. Qa6 Nc5 42. Qa7 d3 43. Qc7+ Ke8 44. Nc3 Qd4 45. Nb5 Qxf4+ 46. Kh1 Qf1+ 47.
Kh2 Qf4+ 48. Kh1 Ne4 49. Qc6+ Ke7 50. Qc7+ Kf6 51. Qd8+ Kg6 52. Qe8+ Kh7 53. b7
d2 0-1

[Event "International Tournament "]
[Site "Paracin, Hotel "]
[Date "2017.07.10"]
[Round "4.31"]
[White "Banovic, Ivan"]
[Black "Ardeleanu, Alin"]
[Result "0-1"]
[WhiteElo "2208"]
[BlackElo "2339"]
[PlyCount "76"]
[EventDate "2017.07.07"]

1. d4 Nf6 2. c4 g6 3. Nc3 Bg7 4. e4 d6 5. Be2 O-O 6. Nf3 Bg4 7. Be3 Nfd7 8. Ng1
Bxe2 9. Ngxe2 e5 10. O-O exd4 11. Nxd4 Nc6 12. Nxc6 bxc6 13. Rc1 Re8 14. f3 Nc5
15. Qd2 Qe7 16. Rfe1 a5 17. b3 Qe5 18. Kh1 Reb8 19. Ne2 Qb2 20. Rc2 Qa3 21. Nd4
Ra6 22. Rb1 Qb4 23. Qc1 Qb7 24. a3 Rb6 25. b4 axb4 26. axb4 Nd3 27. Qd2 Rxb4
28. Rd1 Nc5 29. Nb5 Ra4 30. Nc3 Rxc4 31. Ne2 Rxc2 32. Qxc2 Ne6 33. Rc1 c5 34.
h3 Qb2 35. Qd1 Rb3 36. Rc2 Qb1 37. Qxb1 Rxb1+ 38. Kh2 Rb2 0-1

[Event "International Tournament "]
[Site "Paracin, Hotel "]
[Date "2017.07.10"]
[Round "4.32"]
[White "Tosic, Srecko"]
[Black "Tanriverdi, Enes"]
[Result "1/2-1/2"]
[WhiteElo "2326"]
[BlackElo "2203"]
[PlyCount "94"]
[EventDate "2017.07.07"]

1. e4 c5 2. Nf3 e6 3. d4 cxd4 4. Nxd4 Nc6 5. Nc3 Qc7 6. g3 a6 7. Bg2 Nf6 8. O-O
Nxd4 9. Qxd4 Bc5 10. Qd3 Ng4 11. Bf4 Ne5 12. Bxe5 Qxe5 13. Kh1 Qc7 14. f4 O-O
15. e5 d6 16. exd6 Bxd6 17. Rad1 Be7 18. Na4 Rb8 19. Qc3 Qxc3 20. Nxc3 b5 21.
Ne4 Rb6 22. Rf2 Rd8 23. Rxd8+ Bxd8 24. Rd2 Be7 25. c3 Kf8 26. Kg1 Ke8 27. Kf2
Bb7 28. h4 h6 29. Rd3 a5 30. a3 f5 31. Nd2 g5 32. Bxb7 Rxb7 33. Nf3 gxf4 34.
gxf4 Rb6 35. h5 Bf6 36. Nd2 Ke7 37. Ke2 Rb8 38. Rg3 b4 39. axb4 axb4 40. Nc4
bxc3 41. bxc3 Rb3 42. Kd2 Rb1 43. Rg6 Rf1 44. Rxh6 Rxf4 45. Nb6 Rh4 46. Nc8+
Kf7 47. Nd6+ Ke7 1/2-1/2

[Event "International Tournament "]
[Site "Paracin, Hotel "]
[Date "2017.07.10"]
[Round "4.33"]
[White "Dimitrijevic, Nenad"]
[Black "Burovic, Rijad"]
[Result "1/2-1/2"]
[WhiteElo "2201"]
[BlackElo "2316"]
[PlyCount "125"]
[EventDate "2017.07.07"]

1. d4 Nf6 2. Nf3 g6 3. Bf4 Bg7 4. Nc3 O-O 5. Qd2 d6 6. e4 a6 7. O-O-O b5 8. e5
b4 9. exf6 bxc3 10. Qxc3 Bxf6 11. Be5 Bxe5 12. dxe5 Bb7 13. h4 Bxf3 14. Qxf3
Nd7 15. e6 fxe6 16. Qg4 Rf6 17. h5 Nf8 18. Bd3 Qe8 19. hxg6 Rxg6 20. Bxg6 Qxg6
21. Qxg6+ hxg6 22. Rh4 Kg7 23. Rdh1 e5 24. Rh8 Ra7 25. Kd2 Rb7 26. Kc3 c5 27.
b3 a5 28. R8h4 Ra7 29. Kb2 Ne6 30. Rh7+ Kf6 31. a4 c4 32. Rh8 cxb3 33. cxb3 Nc5
34. Rb8 Ke6 35. f3 Nd3+ 36. Kc3 Nf4 37. g3 Ne2+ 38. Kc4 Nd4 39. f4 Rc7+ 40. Kd3
Nc6 41. Rb5 Nb4+ 42. Ke3 Rc3+ 43. Kf2 e4 44. Rh6 d5 45. Rxg6+ Kf7 46. Rg5 d4
47. Rgf5+ Ke8 48. Rxa5 Rc2+ 49. Ke1 e3 50. Ra8+ Kd7 51. Ra7+ Kc6 52. Rxe7 Rc1+
53. Ke2 d3+ 54. Kxe3 Re1+ 55. Kd2 Rxe7 56. Re5 Rh7 57. Re4 Kc5 58. Kc3 Rh2 59.
Re5+ Kc6 60. Re4 d2 61. Rc4+ Kd6 62. Rd4+ Kc5 63. Rc4+ 1/2-1/2

[Event "International Tournament "]
[Site "Paracin, Hotel "]
[Date "2017.07.10"]
[Round "4.34"]
[White "Peycheva, Gergana"]
[Black "Maksimovic, Bojan"]
[Result "0-1"]
[WhiteElo "2161"]
[BlackElo "2312"]
[PlyCount "78"]
[EventDate "2017.07.07"]

1. d4 Nf6 2. c4 c5 3. d5 b5 4. cxb5 a6 5. b6 d6 6. Nc3 Nbd7 7. a4 Qxb6 8. a5
Qd8 9. e4 g6 10. f4 Bg7 11. Nf3 O-O 12. Bc4 Rb8 13. O-O Ne8 14. Qe2 Nc7 15. Nd2
Rb4 16. Ndb1 e6 17. Na3 exd5 18. Nxd5 Nxd5 19. Bxd5 Nf6 20. Nc2 Nxd5 21. Nxb4
Nxb4 22. Rd1 Nc6 23. Be3 Nd4 24. Bxd4 Bxd4+ 25. Kh1 Qf6 26. Rf1 Re8 27. Rae1
Bb7 28. Qd3 Qd8 29. b4 Qa8 30. bxc5 dxc5 31. Qg3 Rxe4 32. Rxe4 Bxe4 33. f5 Qd5
34. fxg6 hxg6 35. Re1 Kg7 36. Qg4 Bf5 37. Qe2 c4 38. Qa2 Qc5 39. Rc1 c3 0-1

[Event "International Tournament "]
[Site "Paracin, Hotel "]
[Date "2017.07.10"]
[Round "4.35"]
[White "Radovic, Janko"]
[Black "Jovanovic, Sasa T"]
[Result "1/2-1/2"]
[WhiteElo "2306"]
[BlackElo "2193"]
[PlyCount "44"]
[EventDate "2017.07.07"]

1. e4 c5 2. c3 Nf6 3. e5 Nd5 4. d4 cxd4 5. cxd4 e6 6. Nf3 b6 7. Nc3 Nxc3 8.
bxc3 Qc7 9. Bd2 d6 10. Bd3 Nd7 11. Ng5 Bb7 12. Qh5 g6 13. Qh3 dxe5 14. O-O e4
15. Bxe4 Bxe4 16. Nxe4 Bg7 17. d5 e5 18. f4 Nc5 19. d6 Qc6 20. Nxc5 Qxc5+ 21.
Be3 Qxd6 22. fxe5 Qe6 1/2-1/2

[Event "International Tournament "]
[Site "Paracin, Hotel "]
[Date "2017.07.10"]
[Round "4.36"]
[White "Banzea, Alexandru-Bogdan"]
[Black "Jocev, Milan"]
[Result "0-1"]
[WhiteElo "2300"]
[BlackElo "2185"]
[PlyCount "116"]
[EventDate "2017.07.07"]

1. e4 e6 2. d4 d5 3. e5 c5 4. c3 Qb6 5. Nf3 Bd7 6. Na3 cxd4 7. cxd4 Bb4+ 8. Bd2
a6 9. Bxb4 Qxb4+ 10. Qd2 Qxd2+ 11. Kxd2 Nc6 12. Nc2 Nge7 13. Bd3 O-O 14. b4 b6
15. a4 f6 16. exf6 gxf6 17. Rhe1 e5 18. dxe5 fxe5 19. Nxe5 Rxf2+ 20. Kc1 Nxe5
21. Rxe5 Bf5 22. Ra3 Rc8 23. Rxe7 Bxd3 24. Rxd3 Rcxc2+ 25. Kb1 Rb2+ 26. Ka1
Ra2+ 27. Kb1 Rfb2+ 28. Kc1 Rxg2 29. Kb1 Rgb2+ 30. Kc1 Rxh2 31. Kb1 Rag2 32. Rd1
Rh4 33. Ka1 Rxb4 34. Rxd5 Rxa4+ 35. Kb1 Rf4 36. Rd8+ Rf8 37. Rxf8+ Kxf8 38.
Rxh7 Rg4 39. Kb2 Rb4+ 40. Ka3 a5 41. Ra7 Ke8 42. Rh7 Kd8 43. Rg7 Kc8 44. Rh7
Rc4 45. Kb3 Rc7 46. Rh8+ Kb7 47. Ka4 Rc4+ 48. Kb3 Rg4 49. Rh5 Ka6 50. Rh6 a4+
51. Ka3 Ka5 52. Rh8 Rg3+ 53. Ka2 b5 54. Rh5 a3 55. Rh4 b4 56. Rh8 Rg2+ 57. Kb3
Rb2+ 58. Kc4 Kb6 0-1

[Event "International Tournament "]
[Site "Paracin, Hotel "]
[Date "2017.07.10"]
[Round "4.37"]
[White "Sahin, Ozgun"]
[Black "Injac, Teodora"]
[Result "0-1"]
[WhiteElo "2189"]
[BlackElo "2290"]
[PlyCount "64"]
[EventDate "2017.07.07"]

1. e4 e6 2. d4 d5 3. exd5 exd5 4. Bd3 c5 5. Nf3 c4 6. Be2 Bd6 7. O-O Ne7 8. b3
cxb3 9. axb3 Nbc6 10. c4 O-O 11. h3 Bf5 12. Nc3 a6 13. Nh4 Be6 14. f4 Bb4 15.
Na2 f6 16. Nxb4 Nxb4 17. Ba3 Nec6 18. f5 Bf7 19. Qd2 Re8 20. Bf3 a5 21. c5 Qc7
22. Rad1 Qg3 23. Qf2 Qxf2+ 24. Rxf2 Re3 25. Rb2 Rae8 26. Bxb4 axb4 27. Kf2 Rc3
28. g4 Ree3 29. Ra2 Re8 30. Rb2 g5 31. Ng2 h5 32. gxh5 Rxf3+ 0-1

[Event "International Tournament "]
[Site "Paracin, Hotel "]
[Date "2017.07.10"]
[Round "4.38"]
[White "Bojicic, Andjela"]
[Black "Emiroglu, Cankut"]
[Result "0-1"]
[WhiteElo "2072"]
[BlackElo "2277"]
[PlyCount "126"]
[EventDate "2017.07.07"]

1. d4 Nf6 2. c4 e6 3. Nc3 Bb4 4. e3 O-O 5. Bd3 d5 6. Nge2 dxc4 7. Bxc4 e5 8.
O-O exd4 9. exd4 Nbd7 10. Bg5 Be7 11. Qc2 Nb6 12. Bd3 h6 13. Bh4 Nfd5 14. Bxe7
Qxe7 15. a3 c6 16. Rfe1 Qc7 17. Be4 Be6 18. Nxd5 Nxd5 19. Qd2 Rfe8 20. Rac1
Rad8 21. Bxd5 Bxd5 22. Nf4 Qd6 23. Re3 Be6 24. Nxe6 Rxe6 25. Rd3 Qe7 26. g3 Re2
27. Qc3 Qf6 28. Rf1 Rde8 29. Rd2 Qf5 30. Rd3 R8e7 31. Rd2 a6 32. Rd3 h5 33. h4
R7e6 34. Rd2 Re1 35. Rd1 Rxd1 36. Rxd1 Re2 37. Rf1 Qc2 38. Qxc2 Rxc2 39. Rb1
Rd2 40. Kf1 Kf8 41. Ke1 Rxd4 42. Ke2 g6 43. Ke3 Rd5 44. Rc1 Ke7 45. f3 Kf6 46.
Ke4 Ke6 47. Rc2 Kd6 48. Kf4 c5 49. g4 b5 50. Re2 c4 51. Re8 Kd7 52. Re2 f6 53.
Rg2 Ke6 54. gxh5 Rxh5 55. Re2+ Kf7 56. Kg4 Rd5 57. Kg3 Rd3 58. Kf4 c3 59. b4
Rd2 60. Re1 Rd4+ 61. Kg3 c2 62. Rc1 Rc4 63. Kf2 Rxh4 0-1

[Event "International Tournament "]
[Site "Paracin, Hotel "]
[Date "2017.07.10"]
[Round "4.39"]
[White "Matovic, Mihajlo Z"]
[Black "Grujic, Nebojsa"]
[Result "1/2-1/2"]
[WhiteElo "2266"]
[BlackElo "2152"]
[PlyCount "75"]
[EventDate "2017.07.07"]

1. Nf3 d5 2. d4 f5 3. c4 c6 4. Nc3 e6 5. Bf4 Nf6 6. e3 Bd6 7. Bd3 O-O 8. Qc2
Ne4 9. O-O Qe7 10. Bxd6 Qxd6 11. c5 Qe7 12. Ne5 Nd7 13. Nxd7 Bxd7 14. f3 Nf6
15. Rae1 g6 16. e4 fxe4 17. fxe4 Qg7 18. e5 Ng4 19. h3 Rxf1+ 20. Bxf1 Nh6 21.
Bd3 Rf8 22. Re2 Rf4 23. Qd2 Rxd4 24. Qe3 Rh4 25. Qg5 Rd4 26. Qd8+ Qf8 27. Qxd7
Rxd3 28. Rf2 Qxc5 29. Qxe6+ Kg7 30. Qf6+ Kg8 31. Qd8+ Kg7 32. Qf6+ Kg8 33. e6
Re3 34. Qd8+ Kg7 35. Qf6+ Kg8 36. Qd8+ Kg7 37. Qf6+ Kg8 38. Qd8+ 1/2-1/2

[Event "International Tournament "]
[Site "Paracin, Hotel "]
[Date "2017.07.10"]
[Round "4.40"]
[White "Taylor, Adam C"]
[Black "Mitev, Valentin"]
[Result "1-0"]
[WhiteElo "2265"]
[BlackElo "2149"]
[Annotator "Balkanchess"]
[PlyCount "75"]
[EventDate "2017.07.07"]

1. Nf3 d5 2. e3 Bf5 3. b3 e6 4. Bb2 Nf6 5. Be2 Bd6 6. O-O h6 7. d4 O-O 8. c4 c6
9. Nbd2 Qe7 10. Ne5 Nfd7 11. Ndf3 f6 12. Nd3 e5 13. cxd5 e4 14. Nh4 Bh7 15. Nf4
Bxf4 16. exf4 g5 17. dxc6 Nxc6 18. d5 Nd8 19. d6 Qg7 20. Qd5+ Qf7 21. Nf5 Kh8
22. Ne7 gxf4 23. Qxf7 Nxf7 24. Bh5 Nfe5 25. Rac1 Nd3 26. Rc7 Nxb2 27. Rxd7 Rfd8
28. Rxb7 Rxd6 29. Bg6 Rad8 30. Bxh7 Kxh7 31. Nd5+ Kg6 32. Nxf4+ Kg5 33. g3 a6
34. Re7 R8d7 35. Rxe4 Rd2 36. Rfe1 Nd3 37. Nxd3 R7xd3 38. R1e2 1-0

[Event "International Tournament "]
[Site "Paracin, Hotel "]
[Date "2017.07.10"]
[Round "4.41"]
[White "Sukovic, Andrej"]
[Black "Konstantinov, Aleksandar"]
[Result "1/2-1/2"]
[WhiteElo "2150"]
[BlackElo "2262"]
[PlyCount "35"]
[EventDate "2017.07.07"]

1. e4 e6 2. d4 d5 3. Nc3 Nf6 4. Bg5 Be7 5. e5 Nfd7 6. h4 O-O 7. Bd3 c5 8. Nf3
f6 9. Bxh7+ Kxh7 10. Bxf6 gxf6 11. Ng5+ fxg5 12. hxg5+ Kg7 13. Rh7+ Kxh7 14.
Qh5+ Kg7 15. Qh6+ Kg8 16. Qg6+ Kh8 17. Qh6+ Kg8 18. Qg6+ 1/2-1/2

[Event "International Tournament "]
[Site "Paracin, Hotel "]
[Date "2017.07.10"]
[Round "4.42"]
[White "Popovic, Djordje D"]
[Black "Karaahmetoglu, Ege"]
[Result "0-1"]
[WhiteElo "2258"]
[BlackElo "2034"]
[PlyCount "77"]
[EventDate "2017.07.07"]

1. d4 Nf6 2. c4 d6 3. Nc3 Nbd7 4. Nf3 e5 5. g3 g6 6. Bg2 Bg7 7. O-O O-O 8. h3
Re8 9. e4 exd4 10. Nxd4 Nc5 11. Re1 a5 12. Rb1 c6 13. Bf4 Nh5 14. Be3 Nf6 15.
Qc2 Qc7 16. Rbd1 Be6 17. b3 Rad8 18. a3 h6 19. f4 Bc8 20. Bf2 Nfd7 21. b4 Na6
22. b5 Nab8 23. Nb3 a4 24. Nd4 Qa5 25. Nxa4 Nc5 26. Nxc5 dxc5 27. Nb3 Qa4 28.
bxc6 Nxc6 29. Bxc5 Rxd1 30. Rxd1 Na5 31. Na1 Qc6 32. Bf2 Nxc4 33. e5 Qa6 34.
Bf1 Be6 35. Rd6 Qxa3 36. Nb3 Nxd6 37. exd6 Qxb3 38. Qxb3 Bxb3 39. Bb5 0-1

[Event "International Tournament "]
[Site "Paracin, Hotel "]
[Date "2017.07.10"]
[Round "4.43"]
[White "Becker, Marcel"]
[Black "Stefanovic, Ognjen"]
[Result "1-0"]
[WhiteElo "2339"]
[BlackElo "2134"]
[PlyCount "49"]
[EventDate "2017.07.07"]

1. d4 d6 2. c4 e5 3. Nf3 e4 4. Nfd2 f5 5. e3 Nf6 6. Nc3 c6 7. Be2 Be7 8. O-O
O-O 9. f3 d5 10. Qb3 Kh8 11. cxd5 cxd5 12. fxe4 fxe4 13. Rxf6 gxf6 14. Nxd5 f5
15. Nxe7 Qxe7 16. Nf1 Be6 17. d5 Bf7 18. Bd2 Qd7 19. Rd1 Kg8 20. Bb5 Bxd5 21.
Qa4 Qf7 22. Bc3 Rc8 23. Qd4 Rxc3 24. Qxc3 Kf8 25. Qc5+ 1-0

[Event "International Tournament "]
[Site "Paracin, Hotel "]
[Date "2017.07.10"]
[Round "4.44"]
[White "Can, Isik"]
[Black "Bozbey, Ali"]
[Result "0-1"]
[WhiteElo "2287"]
[BlackElo "2139"]
[PlyCount "56"]
[EventDate "2017.07.07"]

1. e4 d6 2. d4 Nf6 3. Nc3 g6 4. f4 Bg7 5. Nf3 O-O 6. Bd3 Na6 7. O-O c5 8. d5
Bg4 9. Bc4 Nc7 10. h3 Bxf3 11. Qxf3 Nd7 12. a4 a6 13. Qd3 Nb6 14. Bb3 Rc8 15.
Ne2 e6 16. c4 exd5 17. exd5 Ncxd5 18. cxd5 c4 19. Bxc4 Nxc4 20. Rb1 Re8 21. Rf3
Qb6+ 22. Kf1 Bxb2 23. Bxb2 Nxb2 24. Qd4 Qxd4 25. Nxd4 Nc4 26. Rd3 Re3 27. Rxe3
Nxe3+ 28. Kf2 Nxd5 0-1

[Event "International Tournament "]
[Site "Paracin, Hotel "]
[Date "2017.07.10"]
[Round "4.45"]
[White "Kuzmanovic, Slobodan"]
[Black "Gajcin, Marina"]
[Result "0-1"]
[WhiteElo "2144"]
[BlackElo "2282"]
[PlyCount "34"]
[EventDate "2017.07.07"]

1. e4 c5 2. Nf3 Nc6 3. c3 d5 4. exd5 Qxd5 5. d4 Bf5 6. Nbd2 e6 7. Bc4 Qd7 8.
Qe2 O-O-O 9. O-O Nf6 10. Nb3 h6 11. Bb5 Qc7 12. Bxc6 Qxc6 13. Ne5 Qc7 14. Bf4
g5 15. Bg3 Ne4 16. Qh5 Rh7 17. dxc5 Nxg3 0-1

[Event "International Tournament "]
[Site "Paracin, Hotel "]
[Date "2017.07.10"]
[Round "4.46"]
[White "Eric, Jovana"]
[Black "Arda, Cagil Irmak"]
[Result "1-0"]
[WhiteElo "2262"]
[BlackElo "2080"]
[PlyCount "99"]
[EventDate "2017.07.07"]

1. e4 c6 2. d4 d5 3. e5 c5 4. dxc5 Nc6 5. Nf3 Bg4 6. Be2 e6 7. O-O Bxc5 8. Bf4
Nge7 9. Nbd2 Ng6 10. Bg3 O-O 11. h3 Bf5 12. Nb3 Bb6 13. Bd3 Be4 14. Re1 Bxf3
15. Qxf3 Qg5 16. Qg4 Qxg4 17. hxg4 Nb4 18. a3 Nxd3 19. cxd3 Rac8 20. Rac1 Ne7
21. Kf1 Nc6 22. f4 Nd4 23. Rxc8 Rxc8 24. Rc1 Rxc1+ 25. Nxc1 Nc2 26. Ke2 g5 27.
fxg5 Be3 28. Nb3 Bxg5 29. Bf2 d4 30. Nxd4 Nxd4+ 31. Bxd4 a6 32. Kf3 Kg7 33. a4
Kg6 34. b4 Be7 35. b5 Kg5 36. Be3+ Kh4 37. g3+ Kh3 38. d4 Bd8 39. g5 Be7 40.
Bf4 axb5 41. axb5 Bd8 42. Ke4 Kg4 43. d5 Bxg5 44. Bxg5 exd5+ 45. Kxd5 Kxg5 46.
Kd6 h5 47. Ke7 Kg6 48. b6 Kg7 49. Kd7 f5 50. e6 1-0

[Event "International Tournament "]
[Site "Paracin, Hotel "]
[Date "2017.07.10"]
[Round "4.47"]
[White "Dimitrijevic, Dusan"]
[Black "Popovic, Aleksandar M"]
[Result "1/2-1/2"]
[WhiteElo "2138"]
[BlackElo "2255"]
[PlyCount "103"]
[EventDate "2017.07.07"]

1. d4 d6 2. e4 g6 3. Nc3 Bg7 4. Be3 a6 5. f4 b5 6. Nf3 Bb7 7. Bd3 Nd7 8. O-O c5
9. e5 c4 10. Be2 Nh6 11. e6 fxe6 12. Ng5 Nf8 13. a4 Nf5 14. Bf2 Qb6 15. axb5
axb5 16. Rxa8+ Bxa8 17. d5 Bd4 18. dxe6 Bxf2+ 19. Rxf2 Nd4 20. Bg4 h5 21. Bh3
Nh7 22. Nf7 Rg8 23. Kf1 Nf6 24. Rd2 Nf5 25. Bxf5 gxf5 26. Nxb5 Qxb5 27. Rxd6
Bxg2+ 28. Ke2 c3+ 29. Qd3 Qxd3+ 30. Rxd3 Bd5 31. Rxc3 Bxe6 32. Ng5 Bd5 33. Rc5
Kd7 34. c4 Kd6 35. b4 Be4 36. Nf7+ Kd7 37. Ra5 Rb8 38. b5 Rc8 39. Ne5+ Ke6 40.
Kd2 Ra8 41. Rxa8 Bxa8 42. h4 Kd6 43. Kc3 Kc5 44. Ng6 e6 45. Nf8 Kd6 46. Kd4 Ne4
47. Nh7 Bb7 48. Ng5 Nd2 49. c5+ Kd7 50. c6+ Bxc6 51. bxc6+ Kxc6 52. Ke5 1/2-1/2

[Event "International Tournament "]
[Site "Paracin, Hotel "]
[Date "2017.07.10"]
[Round "4.48"]
[White "Zarkovic, Mila"]
[Black "Paradzik, Berislav"]
[Result "0-1"]
[WhiteElo "2255"]
[BlackElo "2066"]
[PlyCount "68"]
[EventDate "2017.07.07"]

1. e4 c5 2. Nf3 d6 3. d4 cxd4 4. Nxd4 Nf6 5. Nc3 a6 6. h3 e6 7. g4 h6 8. Be3
Nc6 9. f4 Be7 10. Qf3 Nd7 11. O-O-O g5 12. Nxc6 bxc6 13. Bc4 Qa5 14. e5 d5 15.
Bd3 Bb7 16. Rhf1 Rf8 17. Qf2 O-O-O 18. fxg5 hxg5 19. Kb1 Qc7 20. Qd2 Nxe5 21.
Bxg5 f6 22. Bf4 Bd6 23. Rde1 Rde8 24. Qh2 Nf7 25. Na4 e5 26. Bg3 Ng5 27. Nc3
Bb4 28. Re2 Bxc3 29. bxc3 Ne4 30. Be1 c5 31. c4 d4 32. h4 Bc6 33. Qh3 Qh7 34.
Rf5 Qb7+ 0-1

[Event "International Tournament "]
[Site "Paracin, Hotel "]
[Date "2017.07.10"]
[Round "4.49"]
[White "Yordanov, Lachezar"]
[Black "Kucumenler, Tarkan"]
[Result "1/2-1/2"]
[WhiteElo "2246"]
[BlackElo "2004"]
[PlyCount "42"]
[EventDate "2017.07.07"]

1. b3 c5 2. Bb2 Nc6 3. Nf3 d6 4. d4 cxd4 5. Nxd4 d5 6. e3 e6 7. Be2 Nf6 8. O-O
Bd7 9. c4 dxc4 10. Bxc4 Nxd4 11. Qxd4 Bc6 12. Qxd8+ Rxd8 13. Bd4 a6 14. Bb6 Rc8
15. Nd2 Ne4 16. Nxe4 Bxe4 17. Rfd1 Be7 18. Bd3 Bxd3 19. Rxd3 Bd8 20. Bxd8 Rxd8
21. Rxd8+ Kxd8 1/2-1/2

[Event "International Tournament "]
[Site "Paracin, Hotel "]
[Date "2017.07.10"]
[Round "4.50"]
[White "Budimir, Boris"]
[Black "Chekletsov, Egor"]
[Result "1-0"]
[WhiteElo "2233"]
[BlackElo "1999"]
[PlyCount "119"]
[EventDate "2017.07.07"]

1. e4 c5 2. Nf3 e6 3. d4 cxd4 4. Nxd4 a6 5. Nc3 Qc7 6. Be3 Nf6 7. Bd3 Bb4 8.
Nde2 O-O 9. O-O Nc6 10. a3 Be7 11. Nd4 b5 12. Qe2 Bb7 13. f4 Nxd4 14. Bxd4 Bc5
15. Bxc5 Qxc5+ 16. Kh1 Qh5 17. Qe1 d5 18. e5 Ng4 19. Qg3 d4 20. Ne4 f5 21. Ng5
Ne3 22. Rf2 Qe8 23. Nf3 Qd7 24. Re2 Nc4 25. b3 Nb2 26. Rd2 Nxd3 27. Rxd3 Bxf3
28. Qxf3 Rac8 29. Qf2 Rfd8 30. Rad1 Qe7 31. b4 Rc3 32. Rxd4 Rxd4 33. Qxd4 Rxc2
34. h3 Rc6 35. Kh2 h6 36. Qd8+ Qxd8 37. Rxd8+ Kf7 38. Rd7+ Kf8 39. Ra7 h5 40.
Kg3 Rc3+ 41. Kh4 Rxa3 42. Kxh5 Ra4 43. Kg5 Rxb4 44. Rxa6 Kf7 45. Ra7+ Kf8 46.
g4 fxg4 47. hxg4 Re4 48. Rb7 b4 49. Rb5 g6 50. f5 gxf5 51. gxf5 exf5 52. Kf6
Ke8 53. e6 Kd8 54. Kf7 Kc7 55. e7 Kd6 56. Rb6+ Kd5 57. Rxb4 Rxe7+ 58. Kxe7 Ke5
59. Kf7 f4 60. Kg6 1-0